000 00567nam a22001937a 4500
003 BD-DhUL
005 20150118143649.0
008 150118s1961 nyua|||| |||| 001 0 eng d
040 _aBD-DhUL
_cBD-DhUL
082 _a621.3136
_bHET
100 _aHeller, Samuel.
245 _aThree phase motor winding data from simple measurements /
_cSamuel Heller.
260 _aNew York :
_bDatarule Publishing,
_cc1961.
300 _a46 p. :
_bill. ;
_c30 cm.
365 _aBDT
_b225.00
500 _aIncludes index.
650 _aElectric motors
_xWindings.
942 _2ddc
_cBK
999 _c32790
_d32790